01512nam a2200301 a 450000100100000000500170001000800410002702000180006804000250008608200250011110000330013624500900016925000110025926000390027030000210030950000430033065000290037365000310040270000460043391000390047904900090051895201380052795201380066595201380080395201230094195201290106499900170119300001686220240412074245.0100311s2010 dr 000 0 spa d a9789945460568 aDO-SdBNPbspacBNPHU aRD863.5bR789j, 20101 aRosario, Fari,d1981-91487113aEl jabalí y otros microcuentos /cFari Rosario ; prólogo Manuel Salvador Gautier. a2a ed. aSanto Domingo :bSantuario,c2010. a104 p. ;c22 cm. aIncluye datos biográficos del autor. 0aCuentos dominicanos9176 0aLiteratura dominicana.9671 aGautier, Manuel Salvador,epról.914947 aValidado. Control de calidad BNPHU aBNPD 001054708DSaGRbGRcHDd2010-03-11iLF1l0oRD863.5 R789j, 2010p16862-30r2020-06-25te. 3w2020-06-25yLFDSZPréstamo en sala 001054708DSaGRbGRcHDd2010-05-24iLF1l0oRD863.5 R789j, 2010p16862-40r2020-06-25te. 4w2020-06-25yLFDSZPréstamo en sala 001054708DSaGRbGRcHDd2010-05-24iLF1l0oRD863.5 R789j, 2010p16862-50r2020-06-25te. 5w2020-06-25yLFDSZPréstamo en sala 0010718PDaPDbPDcHDd2010-03-11iLF1l0oRD863.5 R789j, 2010p16862-10r2020-06-25w2020-06-25yLFPDZNo se presta 0010718PDaPDbPDcHDd2010-03-11iLF1l0oRD863.5 R789j, 2010p16862-20r2020-06-25te. 2w2020-06-25yLFPDZNo se presta c16394d16394